000 00822nam a2200253 a 4500
001 51761
003 BD-RjUL
005 20211209075717.0
008 160903s1984 nyu b 001 0 eng
020 _a0471083178
035 _a(BD-RjUL)51881
040 _aDLC
_cDLC
_dDLC
_beng
041 _aeng
082 0 0 _223
_a519.535
_bDIM 1984
100 1 _aDillon, William R.
_9154197
245 1 0 _aMultivariate analysis :
_bmethods and applications /
_cWilliam R. Dillon, Matthew Goldstein.
260 _aNew York :
_bJohn Wiley & Sons
_cc1984.
300 _axii, 587 p. ;
_c24 cm.
504 _aIncludes Bibliography and Index.
650 0 _aMultivariate analysis.
_9119620
700 1 _aGoldstein, Matthew,
_d1941-
_9154195
942 _2ddc
_cBK
999 _c51761
_d51761